| 000 | 01013cam a2200301 i 4500 | ||
|---|---|---|---|
| 001 | on1015241941 | ||
| 005 | 20181129122659.0 | ||
| 008 | 181129s2017 it b 001 0 ita d | ||
| 010 | _a 2018423204 | ||
| 020 | _a9788833928821 | ||
| 020 | _z8833928829 | ||
| 035 | _a(OCoLC)1015241941 | ||
| 040 |
_aCo-BoUCM _bspa _cSaul Niño _dSaul Niño |
||
| 041 | 0 | _aita | |
| 100 | 1 |
_aAgamben, Giorgio _d1942- _972640 |
|
| 245 | 1 | 0 |
_aKarman _bbreve trattato sull'azione, la colpa e il gesto _cGiorgio Agamben |
| 260 |
_aTorino _bBollati Boringhieri _c2017 |
||
| 300 | _a148 páginas | ||
| 490 | 0 |
_aTemi _v274 |
|
| 505 | 0 | _aLa causa e la colpa -- Crimen e karman -- Le aporie della volontà -- Al di là dell'azione. | |
| 546 | _aTexto en italiano | ||
| 650 | 7 |
_aActo (Filosofía) _98453 |
|
| 650 | 7 |
_aLibre albedrio y determinismo _918499 |
|
| 650 | 7 |
_aResponsabilidad _923663 |
|
| 650 | 7 |
_aDerecho _xFilosofía _930013 |
|
| 942 |
_2DEWEY _a2 _cLIBRO _e1 _h128 _mA259k |
||
| 999 |
_c310905 _d310905 |
||